000 00895nam a22002417a 4500
005 20240530110921.0
008 220221s2006 ua a g b 000 0 ara d
017 _a2005/10/2542
020 _a9957161067
040 _aEG-CaGPL
_cEG-CaGPL
082 0 4 _221
_a343.096 \
_bع ت
100 0 _aعلى طاهر البياتى
245 1 2 _aالتحكيم التجارى البحرى :
_bدراسة قانونية مقارنة /
_cعلى طاهر البياتى
250 _aط.1
260 _aعمان :
_bدار الثقافة للنشر والتوزيع ،
_c2006
300 _a264 ص؛
_c24 سم
650 0 7 _aالتحكيم التجارى
_2qrmak
650 0 7 _aالقانون التجارى
_2qrmak
650 0 7 _aالقانون الدولى العام
_2qrmak
650 0 7 _aالتجارة الدولية
_2qrmak
942 _2ddc
_cBK
999 _c66482
_d66482